| 000 | 00496cam a2200181 i 4500 | ||
|---|---|---|---|
| 020 | _a2852060205 : | ||
| 040 | _cDLC | ||
| 082 | 0 | 0 | _a621 TEC 1977 A038 Or. |
| 100 | 1 | _aSeguier, Guy. | |
| 245 | 1 | 0 | _aÉlectrotechnique industrielle / |
| 260 |
_aParis : _bTechnique et documentation, _cc1977. |
||
| 300 |
_axv, 391 p. : _bill. ; _c24 cm. |
||
| 490 | 0 | _aIngénieurs praticiens | |
| 650 | 0 | _aElectric machinery. | |
| 650 | 0 | _aElectrical engineering. | |
| 700 | 1 | _aNotelet, Francis, | |
| 942 | _cFB | ||
| 999 |
_c11543 _d11543 |
||